Top 10 Countries that Produce the Most Tobacco - Statistics

General Stats
  • This quiz has been taken 915 times
  • The average score is 6 of 10
Answer Stats
# Tonnes Country % Correct
345 k United States
96%
3.1 mil China
95%
830 k India
90%
850 k Brazil
89%
260 k Indonesia
73%
115 k Argentina
64%
108 k Pakistan
63%
90 k Turkey
49%
150 k Zimbabwe
6%
132 k Malawi
5%
No matching quizzes found
Score Distribution
Percent of People with Each Score
Percentile by Number Answered
Your Score History
You have not taken this quiz